[Event "SVK-chT2D 2122"]
[Site "Slovakia"]
[Date "2022.03.27"]
[Round "9.8"]
[White "Greslik, Michal"]
[Black "Kovalsky, Vladimir"]
[Result "0-1"]
[WhiteElo "1719"]
[BlackElo "2033"]
[PlyCount "112"]
[EventDate "2021.10.16"]
[EventType "team-tourn"]
[EventRounds "11"]
[EventCountry "SVK"]
[SourceTitle "EXT 2023"]
[Source "ChessBase"]
[SourceDate "2022.10.05"]
[SourceVersion "1"]
[SourceVersionDate "2022.10.05"]
[SourceQuality "1"]
[WhiteTeam "Stropkov/Svidnik"]
[BlackTeam "Margecany"]
[WhiteTeamCountry "SVK"]
[BlackTeamCountry "SVK"]

1. e4 e5 2. Nf3 Nf6 3. d4 exd4 4. Bg5 d6 5. Qxd4 Be7 6. Nc3 0-0 7. 0-0-0 h6 8. Bxf6 Bxf6 9. e5 Nc6 10. Qf4 Nxe5 11. Nd5 Bg4 12. Nxf6+ Qxf6 13. Qxf6 gxf6 14. Rd4 Be6 15. Nd2 Kg7 16. Be2 f5 17. h3 Rh8 18. f4 Nc6 19. Rd3 Rad8 20. a3 Ne7 21. Bf3 c6 22. Re1 Kf6 23. c4 Rhg8 24. b3 d5 25. Rg1 dxc4 26. Rxd8 Rxd8 27. Rd1 Rd4 28. Nxc4 Rxd1+ 29. Kxd1 Bxc4 30. bxc4 Ke6 31. Kd2 Kd6 32. Kc3 b6 33. Kb4 a6 34. Bh5 c5+ 35. Kc3 f6 36. Bf7 Nc6 37. Bg6 Nd4 38. Bh5 b5 39. Bd1 Kc6 40. Bh5 Kd6 41. Bd1 Nc6 42. g3 Nd4 43. Kd3 Nc6 44. Kc3 b4+ 45. axb4 cxb4+ 46. Kd3 Kc5 47. Bf3 Nd4 48. Bd1 a5 49. g4 fxg4 50. hxg4 b3 51. Kc3 a4 52. f5 Nc6 53. Be2 Na5 54. Bf1 a3 55. Bd3 b2 56. Bb1 Nxc4 0-1

[Event "SVK-chT2D 2122"]
[Site "Slovakia"]
[Date "2022.03.26"]
[Round "8.7"]
[White "Krestian, Darius"]
[Black "Kovalsky, Vladimir"]
[Result "0-1"]
[WhiteElo "1637"]
[BlackElo "2033"]
[PlyCount "62"]
[EventDate "2021.10.16"]
[EventType "team-tourn"]
[EventRounds "11"]
[EventCountry "SVK"]
[SourceTitle "EXT 2023"]
[Source "ChessBase"]
[SourceDate "2022.10.05"]
[SourceVersion "1"]
[SourceVersionDate "2022.10.05"]
[SourceQuality "1"]
[WhiteTeam "Michalovce Zemplin II"]
[BlackTeam "Margecany"]
[WhiteTeamCountry "SVK"]
[BlackTeamCountry "SVK"]

1. d4 d5 2. Nf3 Nf6 3. c4 c6 4. e3 e6 5. b3 Be7 6. Bd3 0-0 7. 0-0 Nbd7 8. Nc3 Qc7 9. e4 Bb4 10. e5 Bxc3 11. exf6 Nxf6 12. Rb1 e5 13. dxe5 Bxe5 14. Nxe5 Qxe5 15. Bb2 Qf4 16. Qc2 Ng4 17. g3 Qh6 18. h4 Be6 19. Bc1 Qh5 20. Be2 Bf5 21. Bd3 Bxd3 22. Qxd3 Rfe8 23. Bb2 Ne5 24. Qc3 d4 25. Qb4 Nf3+ 26. Kg2 Qg4 27. Rbd1 Nxh4+ 28. Kh2 Nf3+ 29. Kg2 Qe4 30. Rg1 Re5 31. Qxb7 Ne1+ 0-1

[Event "SVK-chT2D 0910"]
[Site "Slovakia"]
[Date "2009.11.08"]
[Round "4.5"]
[White "Recky, Norbert"]
[Black "Kovalsky, Vladimir"]
[Result "1-0"]
[WhiteElo "1957"]
[BlackElo "2014"]
[PlyCount "111"]
[EventDate "2009.10.10"]
[EventType "team"]
[EventRounds "11"]
[EventCountry "SVK"]
[SourceTitle "EXT 2011"]
[Source "ChessBase"]
[SourceDate "2010.11.26"]
[SourceVersion "1"]
[SourceVersionDate "2010.11.26"]
[SourceQuality "1"]
[WhiteTeam "Kosice Slavia III"]
[BlackTeam "Margecany"]
[WhiteTeamCountry "SVK"]
[BlackTeamCountry "SVK"]

1. e4 e5 2. Nf3 Nf6 3. Nxe5 d6 4. Nf3 Nxe4 5. d4 d5 6. Bd3 Be7 7. 0-0 Nc6 8. c3 Bg4 9. Re1 Nf6 10. Bg5 0-0 11. Nbd2 h6 12. Bh4 Re8 13. Qc2 Nd7 14. Bg3 Bd6 15. Bxd6 cxd6 16. h3 Rxe1+ 17. Rxe1 Bxf3 18. Nxf3 Rc8 19. Qb3 Nb6 20. Qd1 Qf6 21. Qe2 Nd7 22. Nh2 Nf8 23. Ng4 Qg5 24. Ne3 Ne6 25. Qf3 Ne7 26. g3 h5 27. h4 Qh6 28. Nxd5 Nxd5 29. Qxd5 g5 30. Qxb7 Rf8 31. Qf3 gxh4 32. gxh4 Kh8 33. Kh2 Nf4 34. Rg1 Qf6 35. Rg5 Rg8 36. Qg3 Ng6 37. Rxh5+ Kg7 38. Rg5 Rh8 39. f4 Kf8 40. Bxg6 fxg6 41. Qg4 Qe7 42. h5 Rxh5+ 43. Rxh5 gxh5 44. Qxh5 Kg7 45. Qg5+ Qxg5 46. fxg5 Kg6 47. c4 Kxg5 48. c5 dxc5 49. dxc5 Kf5 50. b4 Ke5 51. b5 Kd5 52. c6 Kd6 53. a4 Kc7 54. Kh3 a6 55. Kh4 Kb6 56. Kh5 1-0

[Event "SVK-chT2D 0708"]
[Site "Slovakia"]
[Date "2008.03.12"]
[Round "11.1"]
[White "Gajdos, Jozef"]
[Black "Kovalsky, Vladimir"]
[Result "1-0"]
[WhiteElo "2070"]
[BlackElo "2041"]
[PlyCount "55"]
[EventDate "2007.10.06"]
[EventType "team-tourn"]
[EventRounds "11"]
[EventCountry "SVK"]
[SourceTitle "EXT 2010"]
[Source "ChessBase"]
[SourceDate "2010.11.25"]
[SourceVersion "1"]
[SourceVersionDate "2010.11.25"]
[SourceQuality "1"]
[WhiteTeam "Kosice Dynamo"]
[BlackTeam "Gelnica Slovan"]
[WhiteTeamCountry "SVK"]
[BlackTeamCountry "SVK"]

1. e4 e5 2. Nf3 Nf6 3. Nc3 Bb4 4. Bc4 d6 5. 0-0 Bg4 6. Nd5 Bc5 7. b4 Bb6 8. Nxb6 axb6 9. d3 h6 10. c3 Bh5 11. h3 Qd7 12. d4 exd4 13. cxd4 Nxe4 14. Bd5 f5 15. Re1 c6 16. Bxe4 fxe4 17. Rxe4+ Kd8 18. d5 Rf8 19. g4 Bg6 20. Rf4 Rxf4 21. Bxf4 Be4 22. dxc6 bxc6 23. Bxd6 Ra3 24. Ne5 Qe6 25. Qd4 Kc8 26. Bxb8 Bd5 27. Qxb6 Qe7 28. Nxc6 1-0

[Event "SVK-chT2D 0708"]
[Site "Slovakia"]
[Date "2008.01.12"]
[Round "7.6"]
[White "Kovalsky, Vladimir"]
[Black "Tropp, Frantisek"]
[Result "1/2-1/2"]
[WhiteElo "2041"]
[BlackElo "2131"]
[PlyCount "29"]
[EventDate "2007.10.06"]
[EventType "team-tourn"]
[EventRounds "11"]
[EventCountry "SVK"]
[SourceTitle "EXT 2010"]
[Source "ChessBase"]
[SourceDate "2010.11.25"]
[SourceVersion "1"]
[SourceVersionDate "2010.11.25"]
[SourceQuality "1"]
[WhiteTeam "Gelnica Slovan"]
[BlackTeam "Kezmarok KdV II"]
[WhiteTeamCountry "SVK"]
[BlackTeamCountry "SVK"]

1. e4 e5 2. Nf3 Nc6 3. Nc3 g6 4. a3 Bg7 5. Bc4 d6 6. h3 Nge7 7. d3 h6 8. Bd2 a6 9. Nd5 Nxd5 10. Bxd5 Ne7 11. Bb3 c6 12. Qe2 Qc7 13. Rd1 0-0 14. 0-0 Kh7 15. Nh2 1/2-1/2

[Event "SVK-chT2D 0708"]
[Site "Slovakia"]
[Date "2007.11.04"]
[Round "4.13"]
[White "Fedorko, Stefan"]
[Black "Kovalsky, Vladimir"]
[Result "1-0"]
[WhiteElo "2150"]
[BlackElo "2041"]
[PlyCount "93"]
[EventDate "2007.10.06"]
[EventType "team-tourn"]
[EventRounds "11"]
[EventCountry "SVK"]
[SourceTitle "EXT 2010"]
[Source "ChessBase"]
[SourceDate "2010.11.25"]
[SourceVersion "1"]
[SourceVersionDate "2010.11.25"]
[SourceQuality "1"]
[WhiteTeam "Bardejov BSK"]
[BlackTeam "Gelnica Slovan"]
[WhiteTeamCountry "SVK"]
[BlackTeamCountry "SVK"]

1. d4 d5 2. c4 c6 3. Nc3 dxc4 4. e4 e5 5. Nf3 exd4 6. Nxd4 Bc5 7. Be3 Nf6 8. Nxc6 Qxd1+ 9. Rxd1 bxc6 10. Bxc5 Nbd7 11. Bd6 Nb6 12. Be2 Be6 13. 0-0 0-0-0 14. b4 Ne8 15. Be5 f6 16. Rxd8+ Kxd8 17. Bb8 a6 18. Ba7 Nc8 19. Bc5 Ned6 20. f3 Re8 21. Kf2 Kc7 22. Rc1 Bf7 23. Nd1 Nb6 24. Ne3 c3 25. Rxc3 Nb5 26. Bxb5 axb5 27. Bxb6+ Kxb6 28. a3 Ra8 29. Nf5 g6 30. Nd4 Bc4 31. Ke3 c5 32. bxc5+ Kxc5 33. Nc2 Ra4 34. Nb4 Ra7 35. f4 Kd6 36. Kd4 Ke6 37. Kc5 Rc7+ 38. Kb6 Rc8 39. Kb7 Rc5 40. Na6 Rh5 41. h3 f5 42. Nc7+ Kd7 43. e5 Bf1 44. Rc2 Rh4 45. e6+ Ke7 46. Rd2 Rxf4 47. Nd5+ 1-0

[Event "SVK-chT1E 0708"]
[Site "Slovakia"]
[Date "2007.10.13"]
[Round "1.1"]
[White "Kovalsky, Vladimir"]
[Black "Klein, Peter"]
[Result "1/2-1/2"]
[WhiteElo "2041"]
[BlackElo "2078"]
[PlyCount "82"]
[EventDate "2007.10.13"]
[EventType "team-swiss"]
[EventRounds "11"]
[EventCountry "SVK"]
[SourceTitle "EXT 2009"]
[Source "ChessBase"]
[SourceDate "2008.11.26"]
[SourceVersion "1"]
[SourceVersionDate "2008.11.26"]
[SourceQuality "1"]
[WhiteTeam "Margecany OSK"]
[BlackTeam "Filakovo"]
[WhiteTeamCountry "SVK"]
[BlackTeamCountry "SVK"]

1. e4 d5 2. exd5 Nf6 3. d4 Nxd5 4. c4 Nb6 5. Nc3 e5 6. dxe5 Qxd1+ 7. Nxd1 Nc6 8. f4 Nb4 9. Ne3 Bc5 10. a3 Nc6 11. b4 Bd4 12. Ra2 Be6 13. Rc2 f6 14. Nf3 fxe5 15. fxe5 0-0-0 16. c5 Na4 17. Bc4 Rhe8 18. 0-0 Bxe3+ 19. Bxe3 Bxc4 20. Rxc4 Nxe5 21. Nxe5 Rxe5 22. Bc1 a6 23. h3 g5 24. Rf7 h6 25. Rf6 Re1+ 26. Rf1 Rxf1+ 27. Kxf1 Rd3 28. Ke2 Rg3 29. Kf2 Rd3 30. h4 Nb2 31. Rc2 Na4 32. hxg5 hxg5 33. Bxg5 Rxa3 34. Rd2 c6 35. Rd8+ Kc7 36. Re8 Nc3 37. Re7+ Kc8 38. Re8+ Kd7 39. Re7+ Kc8 40. Re8+ Kd7 41. Re7+ Kc8 1/2-1/2

[Event "SVK-chT2D 0708"]
[Site "Slovakia"]
[Date "2007.10.06"]
[Round "1.4"]
[White "Kovalsky, Vladimir"]
[Black "Kendi, Stefan"]
[Result "1/2-1/2"]
[WhiteElo "2041"]
[BlackElo "2044"]
[PlyCount "39"]
[EventDate "2007.10.06"]
[EventType "team-tourn"]
[EventRounds "11"]
[EventCountry "SVK"]
[SourceTitle "EXT 2010"]
[Source "ChessBase"]
[SourceDate "2010.11.25"]
[SourceVersion "1"]
[SourceVersionDate "2010.11.25"]
[SourceQuality "1"]
[WhiteTeam "Gelnica Slovan"]
[BlackTeam "Velke Kapusany Energetik"]
[WhiteTeamCountry "SVK"]
[BlackTeamCountry "SVK"]

1. e4 e6 2. d4 d5 3. exd5 exd5 4. Bd3 Nf6 5. Bg5 Be7 6. Nf3 Bg4 7. c3 c6 8. 0-0 0-0 9. Bxf6 Bxf6 10. Nbd2 Nd7 11. Qc2 g6 12. h3 Bxf3 13. Nxf3 Re8 14. Rae1 Qc7 15. Qd2 Nf8 16. Rxe8 Rxe8 17. Re1 Rxe1+ 18. Qxe1 Qe7 19. Qxe7 Bxe7 20. Kf1 1/2-1/2

[Event "SVK-chT1E 0607"]
[Site "Slovakia"]
[Date "2007.03.24"]
[Round "10.4"]
[White "Kovalsky, Vladimir"]
[Black "Borovsky, Adam"]
[Result "1/2-1/2"]
[WhiteElo "2024"]
[BlackElo "1747"]
[PlyCount "81"]
[EventDate "2006.10.07"]
[EventType "team-tourn"]
[EventRounds "11"]
[EventCountry "SVK"]
[SourceTitle "EXT 2008"]
[Source "ChessBase"]
[SourceDate "2007.11.25"]
[SourceVersion "1"]
[SourceVersionDate "2007.11.25"]
[SourceQuality "1"]
[WhiteTeam "Margecany OSK"]
[BlackTeam "Kosice sachy.sk	 II"]
[WhiteTeamCountry "SVK"]
[BlackTeamCountry "SVK"]

1. e4 d6 2. d4 Nf6 3. Nc3 g6 4. Bc4 Bg7 5. Qe2 0-0 6. e5 dxe5 7. dxe5 Ne8 8. Bg5 c6 9. h3 b5 10. Bb3 a5 11. a3 Ba6 12. Qe3 Qc7 13. Nf3 e6 14. 0-0 c5 15. Rfe1 c4 16. Ba2 Nc6 17. Qc5 Nxe5 18. Be7 Nxf3+ 19. gxf3 Qf4 20. Qc6 Ra7 21. Re4 Qxf3 22. Bxf8 Kxf8 23. Rae1 Bxc3 24. bxc3 Bb7 25. Qc5+ Kg8 26. R1e3 Qd1+ 27. Re1 Qf3 28. Qxa7 Bxe4 29. Rxe4 Qxe4 30. Qe7 Qxc2 31. Qxe8+ Kg7 32. Qxb5 Qxa2 33. Qxa5 Qb1+ 34. Kh2 Qe4 35. Qc5 Qf4+ 36. Kg1 Qc1+ 37. Kg2 Qxc3 38. a4 Qd3 39. Qe5+ Kg8 40. Qb8+ Kg7 41. Qe5+ 1/2-1/2

[Event "SVK-chT2D 0607"]
[Site "Slovakia"]
[Date "2006.11.26"]
[Round "4.2"]
[White "Svoboda, Svatopluk"]
[Black "Kovalsky, Vladimir"]
[Result "1-0"]
[WhiteElo "2274"]
[BlackElo "2024"]
[PlyCount "47"]
[EventDate "2006.10.14"]
[EventType "team-tourn"]
[EventRounds "11"]
[EventCountry "SVK"]
[SourceTitle "EXT 2008"]
[Source "ChessBase"]
[SourceDate "2007.11.25"]
[SourceVersion "1"]
[SourceVersionDate "2007.11.25"]
[SourceQuality "1"]
[WhiteTeam "Sabinov"]
[BlackTeam "Margecany OSK II"]
[WhiteTeamCountry "SVK"]
[BlackTeamCountry "SVK"]

1. e4 e5 2. Nf3 Nf6 3. Nxe5 d6 4. Nf3 Nxe4 5. Nc3 Nxc3 6. dxc3 Be7 7. Bf4 c6 8. Qd2 d5 9. 0-0-0 Nd7 10. Nd4 Nc5 11. Be3 Ne4 12. Qe1 0-0 13. f3 Nd6 14. h4 Re8 15. Qf2 Bxh4 16. Rxh4 Rxe3 17. Rxh7 Kxh7 18. Qxe3 Qf6 19. g4 Kg8 20. g5 Qg6 21. Bd3 Bf5 22. Nxf5 Nxf5 23. Qf4 Nd4 24. cxd4 1-0

[Event "Presov-B1"]
[Site "Presov"]
[Date "2004.??.??"]
[Round "5"]
[White "Kovalsky, Vladimir"]
[Black "Kanos, Jozef"]
[Result "0-1"]
[WhiteElo "2060"]
[BlackElo "2133"]
[PlyCount "26"]
[EventDate "2004.??.??"]
[EventType "tourn"]
[EventRounds "9"]
[EventCountry "SVK"]
[SourceTitle "EXT 2007"]
[Source "ChessBase"]
[SourceDate "2006.11.23"]
[SourceVersion "1"]
[SourceVersionDate "2006.11.23"]
[SourceQuality "1"]

1. e4 e5 2. Nf3 Nc6 3. Bc4 Bc5 4. 0-0 d6 5. h3 h6 6. c3 Qf6 7. b4 Bb6 8. a4 a6 9. Bb2 Qg6 10. Nh4 Qxe4 11. Qe2 Qxh4 12. d4 Nge7 13. b5 Na5 0-1